Noms de personnages des aventures de Tintin - Clic Quiz - Statistiques

Statistiques générales
  • Ce quiz a été pris 1 672 fois
  • Le résultat moyen est 14 sur 25
Statistiques - réponses
Hint Réponse % Correct
Bianca Castafiore
90%
Rackham le Rouge
88%
Tryphon Tournesol
84%
Séraphin Lampion
77%
Oliveira da Figueira
76%
Archibald Haddock
74%
Tchang Tchong-Jen
73%
Mohammed Ben Kalish Ezab
72%
Jen-Ghié Wang
64%
Piotr Szut
60%
Allan Thompson
56%
Omar Ben Salaad
53%
Ivan Ivanovitch Sakharine
53%
Laszlo Carreidas
50%
Bobby Smiles
50%
Hippolyte Bergamotte
48%
Philémon Siclone
46%
Igor Wagner
46%
Roberto Rastapopoulos
42%
Aristide Filoselle
41%
Frank Wolff
37%
Eugène Triboulet
36%
Endaddine Akass
29%
Nestor Halambique
28%
Walter Rizotto
25%
Aucun quiz correspondant
Distribution des résultats
% des personnes avec chaque résultat
Percentile par nombre de réponses
Votre historique - résultats
Vous n’avez pas pris ce quiz